| 000 | 00686cam a2200253 4500 | ||
|---|---|---|---|
| 008 | #DATE n2001 000 0 eng u | ||
| 020 | _a1860814824 | ||
| 035 | _a(Sirsi) u113780 | ||
| 041 | _aeng | ||
| 050 | _a693.1 | ||
| 100 | _aYates, T.J.S. | ||
| 110 | _aBuilding Research Establishment | ||
| 245 | _aLightweight veneer stone cladding panels. | ||
| 260 |
_aLondon _bCRC Ltd _c2001 |
||
| 300 | _a6p. : ill. ; 30cm. | ||
| 490 |
_aBRE Information Paper _vIP 10/01 |
||
| 520 | _aReplaces IP17/98 | ||
| 650 | _aSTONE CLADDING | ||
| 650 | _aVENEERS | ||
| 690 | _aBUILT ENVIRONMENT-BUILDING MATERIALS | ||
| 700 | _aChakrabarti, B. | ||
| 700 | _aAshall, G. | ||
| 942 | _n0 | ||
| 999 |
_c101560 _d101560 |
||